[Event "Hold-DM i hurtigskak 2025"]
[Site "Middelfart"]
[Date "2025.06.08"]
[Round "2.2"]
[White "Slavensky, Asbjorn Vesterkaer"]
[Black "Boje, Tobias Rosholm"]
[Result "0-1"]
[WhiteElo "2027"]
[BlackElo "2005"]
[EventDate "2025.06.08"]
[EventType "team-tourn"]
[EventRounds "6"]
[EventCountry "DEN"]
[SourceTitle "Live v. Kasper Jerwiarz"]
[WhiteTeam "Skak for Sjov"]
[BlackTeam "OBRO"]

1. d4 d5 2. c4 e6 3. Nf3 Nf6 4. g3 Be7 5. Bg2 O-O 6. O-O Nbd7 7. b3 c6 8. Bb2 b6 9. Qc2 Bb7 10. Rd1 Rc8 11. Nc3 Qc7 12. Rac1 Rfd8 13. Qb1 Qb8 14. a3 c5 15. cxd5 Nxd5 16. Ne4 N7f6 17. dxc5 Nxe4 18. Qxe4 Nf6 19. Qh4 Rxd1+ 20. Rxd1 Rxc5 21. b4 Rc2 22. Be5 Qc8 23. Bf1 h6 24. Nd4 Rc1 25. Rd3 Rxf1+ 0-1

[Event "Hold-DM i hurtigskak 2025"]
[Site "Middelfart"]
[Date "2025.06.08"]
[Round "2.3"]
[White "Durrfeld, Sofie Bech"]
[Black "Skovgaard, Andreas"]
[Result "0-1"]
[WhiteElo "1820"]
[BlackElo "2055"]
[EventDate "2025.06.08"]
[EventType "team-tourn"]
[EventRounds "6"]
[EventCountry "DEN"]
[SourceTitle "Live v. Kasper Jerwiarz"]
[WhiteTeam "OBRO"]
[BlackTeam "Skak for Sjov"]

1. e4 c5 2. Nc3 d6 3. d4 cxd4 4. Qxd4 Nc6 5. Qd2 g6 6. b3 Bh6 7. f4 e5 8. Nb5 Kf8 9. Ba3 Nf6 10. Qxd6+ Kg7 11. Bd3 Bxf4 12. Nf3 Bg4 13. O-O a6 14. Nc7 Qxd6 15. Bxd6 Rad8 16. Ba3 Rd7 17. Nd5 Nxd5 18. exd5 Rxd5 19. h3 Bf5 20. Bc4 Rd7 21. Nh4 Bxc2 22. Bb2 Be3+ 23. Kh2 b5 24. Be2 Bd4 25. Bxd4 Nxd4 26. Bf3 e4 27. Bd1 Bd3 28. Rf4 f5 29. g4 Kf6 30. Rc1 g5 31. Rxf5+ Nxf5 32. Nxf5 Ke5 33. Kg3 Rd5 34. Rc7 h5 35. Re7+ Kf6 36. Ra7 b4 37. Ne7 Rc5 38. Kf2 Rc1 39. Nd5+ Ke5 40. Ne3 hxg4 41. Nxg4+ Ke6 42. Ne3 Rxh3 43. Bg4+ Ke5 44. Bxh3 Ra1 45. Bc8 Rxa2+ 46. Kg3 Kd4 47. Nf5+ Kc3 48. Be6 Ra1 49. Rc7+ Kb2 50. Kg4 Rg1+ 51. Kh5 Be2+ 52. Kg6 g4 53. Rd7 Bd3 54. Ne3 g3 55. Kf5 Kc3 56. Rc7+ Kd2 57. Kf4 g2 58. Rg7 Rf1+ 59. Ke5 g1=Q 60. Rxg1 Rxg1 61. Kd4 Rg6 62. Bf5 Rd6+ 63. Kc5 Kxe3 64. Kxd6 Kd2 65. Kc5 e3 66. Bg4 Kc3 0-1

[Event "Hold-DM i hurtigskak 2025"]
[Site "Middelfart"]
[Date "2025.06.08"]
[Round "2.4"]
[White "Lassen, Mathias Damsgaard"]
[Black "Knudsen, Joachim Holm"]
[Result "1-0"]
[WhiteElo "1649"]
[BlackElo "1828"]
[EventDate "2025.06.08"]
[EventType "team-tourn"]
[EventRounds "6"]
[EventCountry "DEN"]
[SourceTitle "Live v. Kasper Jerwiarz"]
[WhiteTeam "Skak for Sjov"]
[BlackTeam "OBRO"]

1. e4 c6 2. Nc3 d5 3. Nf3 Bg4 4. h3 Bxf3 5. Qxf3 e6 6. d3 Bb4 7. Bd2 d4 8. Nb1 Bxd2+ 9. Nxd2 c5 10. g3 Nc6 11. Bg2 Nf6 12. O-O O-O 13. a4 Rc8 14. Nc4 Nd7 15. Qe2 Nde5 16. Nxe5 Nxe5 17. f4 Nc6 18. b3 e5 19. f5 f6 20. g4 Rc7 21. Rf2 a6 22. Bf1 b5 23. axb5 axb5 24. h4 Qe7 25. Rg2 Nd8 26. g5 Qd6 27. Qh5 Qc6 28. Be2 c4 29. bxc4 bxc4 30. Rf1 cxd3 31. cxd3 Kh8 32. Qg4 Qc2 33. Qg3 Qd2 34. Kh2 Rc1 35. gxf6 g6 36. Rxc1 Qxc1 37. Qxe5 Nf7 38. Qe7 Qf4+ 39. Kh3 Kg8 40. fxg6 Qe3+ 41. Rg3 1-0

[Event "Hold-DM i hurtigskak 2025"]
[Site "Middelfart"]
[Date "2025.06.08"]
[Round "3.1"]
[White "Sylvan, Jacob"]
[Black "Skonnord, Uno"]
[Result "1-0"]
[WhiteElo "2353"]
[BlackElo "2172"]
[EventDate "2025.06.08"]
[EventType "team-tourn"]
[EventRounds "6"]
[EventCountry "DEN"]
[SourceTitle "Live v. Kasper Jerwiarz"]
[WhiteTeam "Nordkalotten"]
[BlackTeam "OBRO"]

1. e4 c5 2. c3 Nf6 3. e5 Nd5 4. d4 cxd4 5. Nf3 e6 6. cxd4 d6 7. Bd3 Nc6 8. O-O dxe5 9. dxe5 Be7 10. Qe2 Qb6 11. Na3 Bxa3 12. bxa3 Nd4 13. Nxd4 Qxd4 14. Bb5+ Kf8 15. Bb2 Qh4 16. Rad1 a6 17. Bc4 Bd7 18. Bxd5 exd5 19. Rxd5 Bb5 20. Rxb5 axb5 21. Qxb5 Qe4 22. Rc1 h6 23. e6 Qxe6 24. Qxb7 Re8 25. h3 Kg8 26. Rc3 Re7 27. Qb4 Kh7 28. Re3 Qf5 29. Rxe7 Qb1+ 30. Re1 Qxa2 31. Qe4+ Kg8 32. Qe5 f6 33. Qe6+ Qxe6 34. Rxe6 Kf7 35. Ra6 Rd8 36. Bc3 Rd3 37. Be1 1-0

[Event "Hold-DM i hurtigskak 2025"]
[Site "Middelfart"]
[Date "2025.06.08"]
[Round "3.2"]
[White "Boje, Tobias Rosholm"]
[Black "Hove, Esben Kjems"]
[Result "1/2-1/2"]
[WhiteElo "2005"]
[BlackElo "2303"]
[EventDate "2025.06.08"]
[EventType "team-tourn"]
[EventRounds "6"]
[EventCountry "DEN"]
[SourceTitle "Live v. Kasper Jerwiarz"]
[WhiteTeam "OBRO"]
[BlackTeam "Nordkalotten"]

1. e4 c6 2. d4 d5 3. Nc3 dxe4 4. Nxe4 Bf5 5. Ng3 Bg6 6. h4 h6 7. Nf3 Nd7 8. h5 Bh7 9. Bd3 Bxd3 10. Qxd3 e6 11. Bd2 Ngf6 12. O-O-O Be7 13. Ne4 Nxe4 14. Qxe4 Nf6 15. Qe2 Qd5 16. c4 Qe4 17. Qxe4 Nxe4 18. Be1 O-O 19. Ne5 Rfd8 20. f3 Nd6 21. b3 Nf5 22. Bf2 Bg5+ 23. Kb2 Be3 24. Bxe3 Nxe3 25. Rd2 f6 26. Ng6 Nf5 27. Kc3 c5 28. dxc5 Rxd2 29. Kxd2 Rd8+ 30. Kc3 Ng3 31. Re1 e5 32. c6 bxc6 33. Ne7+ Kf7 34. Nxc6 Rd7 35. b4 Nxh5 36. b5 Nf4 37. g3 Ne6 38. Kb4 h5 39. a4 g5 40. a5 Rc7 41. Re4 Kg6 42. b6 axb6 43. Nxe5+ fxe5 44. axb6 Rc6 45. Kb5 Rc5+ 46. Kb4 Rc6 47. Kb5 Nd4+ 48. Rxd4 Rxb6+ 49. Kxb6 exd4 50. c5 d3 51. c6 d2 52. c7 d1=Q 53. c8=Q Qb3+ 54. Ka5 Qxf3 55. Qg8+ Kf5 56. Qc8+ Ke4 57. Qc6+ Ke3 58. Qc1+ Kf2 59. Qxg5 Qxg3 60. Qxh5 Qf3 61. Qxf3+ Kxf3 1/2-1/2

[Event "Hold-DM i hurtigskak 2025"]
[Site "Middelfart"]
[Date "2025.06.08"]
[Round "3.3"]
[White "Nielsen, Lars Aaes"]
[Black "Durrfeld, Sofie Bech"]
[Result "1-0"]
[WhiteElo "2223"]
[BlackElo "1820"]
[EventDate "2025.06.08"]
[EventType "team-tourn"]
[EventRounds "6"]
[EventCountry "DEN"]
[SourceTitle "Live v. Kasper Jerwiarz"]
[WhiteTeam "Nordkalotten"]
[BlackTeam "OBRO"]

1. e4 c5 2. c3 Nf6 3. e5 Nd5 4. d4 cxd4 5. cxd4 Nc6 6. Nf3 g6 7. Bc4 Nb6 8. Bb3 Bg7 9. O-O d6 10. Qe2 O-O 11. Rd1 Bg4 12. Bf4 dxe5 13. dxe5 Qc7 14. h3 Bxf3 15. Qxf3 Bxe5 16. Bxe5 Qxe5 17. Nc3 Rab8 18. Re1 Qc5 19. Ne4 Qd4 20. Qe2 Rfd8 21. Ng5 Rf8 22. Rad1 Qc5 23. Ne4 Qb4 24. Qe3 Nc4 25. Qh6 f6 26. Nd2 b5 27. Re4 N6e5 28. a3 Qc5 29. Rc1 Nf7 30. Qh4 Qg5 31. Qxg5 Nxg5 32. Rxe7 Rfe8 33. Rxa7 Kh8 34. Bxc4 bxc4 35. Nxc4 Re2 36. Kf1 Re4 37. Nd6 Rf4 38. b4 Rd8 39. Nf7+ Nxf7 40. Rxf7 Kg8 41. Ra7 Re4 42. b5 Red4 43. a4 Rb4 44. g3 f5 45. Rcc7 f4 46. Rg7+ Kh8 47. Rxh7+ Kg8 48. gxf4 Rxf4 49. Rag7+ Kf8 50. Rxg6 Rd2 51. Rg2 Rxa4 52. Kg1 Rb4 53. Rh5 Rdb2 54. Rf5+ Ke7 55. Rgg5 Ke6 56. Kg2 Re2 57. Rc5 Rbb2 58. Rc6+ Kf7 59. Rf5+ Kg7 60. b6 Re7 61. Rfc5 Rf7 62. Rc2 Rb5 63. R2c3 Rb2 64. Rf3 Rb7 65. Rff6 Rc2 66. Rxc2 Kxf6 67. Rb2 0-1

[Event "Hold-DM i hurtigskak 2025"]
[Site "Middelfart"]
[Date "2025.06.08"]
[Round "3.4"]
[White "Knudsen, Joachim Holm"]
[Black "Jakobsen, Peter"]
[Result "0-1"]
[WhiteElo "1828"]
[BlackElo "2164"]
[EventDate "2025.06.08"]
[EventType "team-tourn"]
[EventRounds "6"]
[EventCountry "DEN"]
[SourceTitle "Live v. Kasper Jerwiarz"]
[WhiteTeam "OBRO"]
[BlackTeam "Nordkalotten"]

1. d4 Nf6 2. c4 e6 3. Nc3 Bb4 4. e3 b6 5. Nge2 Ba6 6. a3 Be7 7. Nf4 d5 8. cxd5 Bxf1 9. dxe6 Ba6 10. exf7+ Kxf7 11. Qb3+ Ke8 12. Ne6 Qd7 13. Nxg7+ Kd8 14. Ne6+ Kc8 15. e4 Nc6 16. d5 Ne5 17. Be3 Nd3+ 18. Kd2 Ng4 19. Bd4 Rg8 20. d6 Bxd6 21. Nd5 Kb7 22. Nb4 Nxb4 23. axb4 Be5 24. Rhc1 Nxf2 25. Ke3 Ng4+ 26. Kd2 Bf4+ 27. Ke1 Bxc1 28. Rxc1 Rac8 29. Rc5 Rge8 30. b5 Rxe6 31. bxa6+ Kxa6 32. Qa3+ Kb7 33. Bg1 Rxe4+ 34. Kf1 Qd1# 0-1

[Event "Hold-DM i hurtigskak 2025"]
[Site "Middelfart"]
[Date "2025.06.08"]
[Round "3.1"]
[White "Thorsbro, Peter"]
[Black "Fedder, Steen"]
[Result "0-1"]
[WhiteElo "2220"]
[BlackElo "2406"]
[EventDate "2025.06.08"]
[EventType "team-tourn"]
[EventRounds "6"]
[EventCountry "DEN"]
[SourceTitle "Live v. Kasper Jerwiarz"]
[WhiteTeam "Fureso"]
[BlackTeam "FOHR"]

1. d4 d5 2. c4 e6 3. g3 Be7 4. Bg2 Nf6 5. Nf3 O-O 6. O-O dxc4 7. Qc2 a6 8. Qxc4 b5 9. Qc2 Bb7 10. Nc3 Nbd7 11. Rd1 c5 12. dxc5 Bxc5 13. Bg5 Qb6 14. e3 h6 15. Bxf6 Nxf6 16. Ne5 Bxg2 17. Kxg2 Qb7+ 18. Kg1 Rac8 19. Qe2 Bb4 20. Rac1 Bxc3 21. bxc3 Rc5 22. Nd3 Rc7 23. Nb2 Rfc8 24. c4 bxc4 25. Rxc4 Rxc4 26. Nxc4 Qb5 27. Rd4 e5 28. Rh4 e4 29. Qb2 Rxc4 0-1

[Event "Hold-DM i hurtigskak 2025"]
[Site "Middelfart"]
[Date "2025.06.08"]
[Round "3.2"]
[White "Hansen, Jacob Ost"]
[Black "Bogo, Soren"]
[Result "1/2-1/2"]
[WhiteElo "2328"]
[BlackElo "2193"]
[EventDate "2025.06.08"]
[EventType "team-tourn"]
[EventRounds "6"]
[EventCountry "DEN"]
[SourceTitle "Live v. Kasper Jerwiarz"]
[WhiteTeam "FOHR"]
[BlackTeam "Fureso"]

1. g3 Nf6 2. Bg2 g6 3. c4 Bg7 4. Nc3 O-O 5. e4 d6 6. Nge2 Nc6 7. O-O Re8 8. h3 a6 9. d3 Rb8 10. a4 a5 11. f4 Nd7 12. Be3 Nb4 13. Qd2 Nc5 14. Nc1 f5 15. e5 c6 16. Kh2 Be6 17. d4 Ne4 18. Nxe4 fxe4 19. Qc3 d5 20. c5 h5 21. Na2 Nd3 22. Nc1 Nb4 23. Na2 b6 24. Nxb4 axb4 25. Qxb4 bxc5 26. Qc3 1/2-1/2

[Event "Hold-DM i hurtigskak 2025"]
[Site "Middelfart"]
[Date "2025.06.08"]
[Round "3.3"]
[White "Sorensen, Reto Utiger"]
[Black "Hoi, Carsten"]
[Result "0-1"]
[WhiteElo "2062"]
[BlackElo "2320"]
[EventDate "2025.06.08"]
[EventType "team-tourn"]
[EventRounds "6"]
[EventCountry "DEN"]
[SourceTitle "Live v. Kasper Jerwiarz"]
[WhiteTeam "Fureso"]
[BlackTeam "FOHR"]

1. c4 g6 2. Nf3 Bg7 3. g3 Nf6 4. Bg2 O-O 5. O-O d6 6. d4 Nbd7 7. Nc3 e5 8. Qc2 Re8 9. dxe5 dxe5 10. Rd1 c6 11. h3 Qc7 12. Be3 b6 13. Ng5 Bb7 14. b4 Bf8 15. a3 a5 16. Rab1 axb4 17. axb4 Be7 18. c5 bxc5 19. Qb3 Rf8 20. bxc5 Rab8 21. Qc4 Ra8 22. Nge4 Nd5 23. Bh6 Rfb8 24. Ra1 Rxa1 25. Rxa1 Ra8 26. Rxa8+ Bxa8 27. Ng5 Bxg5 28. Bxg5 N7f6 29. h4 Kg7 30. h5 gxh5 31. Nxd5 Nxd5 32. Be4 h6 33. Bd2 Bb7 34. Qd3 Qe7 35. Qf3 Nf6 36. Qf5 Bc8 37. Qxc8 Nxe4 38. Be3 Qf6 39. Kg2 h4 40. Qg4+ Qg6 41. Qxg6+ Kxg6 42. gxh4 h5 43. Kf3 f5 44. Bd2 Nxd2+ 0-1

[Event "Hold-DM i hurtigskak 2025"]
[Site "Middelfart"]
[Date "2025.06.08"]
[Round "3.4"]
[White "Rosenlund, Thorbjorn"]
[Black "Jensen, Christian Skov"]
[Result "0-1"]
[WhiteElo "2029"]
[BlackElo "1919"]
[EventDate "2025.06.08"]
[EventType "team-tourn"]
[EventRounds "6"]
[EventCountry "DEN"]
[SourceTitle "Live v. Kasper Jerwiarz"]
[WhiteTeam "FOHR"]
[BlackTeam "Fureso"]

1. Nf3 d6 2. d4 Nf6 3. Bf4 c6 4. e3 Bg4 5. Be2 Nbd7 6. O-O Qa5 7. h3 Bh5 8. c4 e5 9. Bh2 Be7 10. Nc3 O-O 11. a3 Rfe8 12. b4 Qc7 13. c5 Rad8 14. Qb3 Bxf3 15. Bxf3 Nf8 16. Rac1 Ng6 17. cxd6 Qxd6 18. Rfd1 Qb8 19. b5 c5 20. dxc5 Bxc5 21. Nd5 b6 22. Nxf6+ gxf6 23. Be4 Rxd1+ 24. Rxd1 Rd8 25. a4 Rd6 26. Bg3 Qd8 27. Rxd6 Qxd6 28. h4 Nf8 29. Qc2 h6 30. Qe2 Ne6 31. Qg4+ Ng7 32. Kh2 Kf8 33. Qc8+ Ne8 34. Qf5 Qe6 35. Qh7 Qc4 36. Qxh6+ Ke7 37. Qh7 Qxa4 38. h5 Nd6 39. Bc6 Qg4 40. h6 Qh5+ 41. Kg1 Nf5 42. Bf3 Qg5 43. Qh8 0-1

[Event "Hold-DM i hurtigskak 2025"]
[Site "Middelfart"]
[Date "2025.06.08"]
[Round "3.1"]
[White "Jacobsen, Mikkel Manosri"]
[Black "Veiergang, Oscar Jacob"]
[Result "1-0"]
[WhiteElo "2268"]
[BlackElo "2028"]
[EventDate "2025.06.08"]
[EventType "team-tourn"]
[EventRounds "6"]
[EventCountry "DEN"]
[SourceTitle "Live v. Kasper Jerwiarz"]
[WhiteTeam "BMS"]
[BlackTeam "Skak for Sjov"]

1. d4 Nf6 2. Nf3 g6 3. Bf4 Bg7 4. c3 O-O 5. Nbd2 d5 6. e3 Nbd7 7. h4 c5 8. Bd3 Re8 9. Ne5 cxd4 10. cxd4 Nh5 11. Bh2 Nxe5 12. dxe5 f5 13. Be2 Be6 14. Bxh5 gxh5 15. Nf3 Bf7 16. Ng5 Bg6 17. Ne6 Qa5+ 18. Qd2 Qxd2+ 19. Kxd2 Rac8 20. Rhc1 Bf7 21. Nd4 Bg6 22. Nb5 a6 23. Nc7 d4 24. Nxe8 dxe3+ 25. Kxe3 1-0

[Event "Hold-DM i hurtigskak 2025"]
[Site "Middelfart"]
[Date "2025.06.08"]
[Round "3.2"]
[White "Slavensky, Asbjorn Vesterkaer"]
[Black "Kistrup, Nicolai"]
[Result "0-1"]
[WhiteElo "2027"]
[BlackElo "2430"]
[EventDate "2025.06.08"]
[EventType "team-tourn"]
[EventRounds "6"]
[EventCountry "DEN"]
[SourceTitle "Live v. Kasper Jerwiarz"]
[WhiteTeam "Skak for Sjov"]
[BlackTeam "BMS"]

1. d4 Nf6 2. c4 e6 3. Nf3 b6 4. g3 Ba6 5. Qc2 c5 6. d5 exd5 7. cxd5 Bb7 8. Bg2 Nxd5 9. a3 Nf6 10. O-O d5 11. Nh4 Be7 12. Nf5 O-O 13. Bg5 Nc6 14. Rd1 Nd4 15. Nxd4 cxd4 16. Rxd4 h6 17. Bxf6 Bxf6 18. Rd1 Rc8 19. Nc3 Rc5 20. Qd3 Bxc3 21. bxc3 Qc7 22. Qd2 Qe5 23. e3 Rfc8 24. Qd4 Qc7 25. a4 Rc4 26. Qd2 Rd8 27. Rdc1 Bc6 28. Qd1 a5 29. Bf1 Rc5 30. Qd4 Be8 31. Ra3 Rc8 32. Bd3 Rb8 33. Raa1 Qe7 34. Rcb1 Qc7 35. Rc1 Qc6 36. Bf1 Rc8 37. Bb5 Qc7 38. Bxe8 Rxe8 39. Rab1 Re4 40. Qd3 Rxa4 41. Qa6 Rxc3 42. Rxc3 Qxc3 43. Rxb6 Kh7 44. Qa8 Ra1+ 45. Kg2 Qd3 46. Rb8 Qe4+ 47. Kh3 Qf5+ 48. Kg2 Qe4+ 49. Kh3 Rg1 50. Rh8+ Kg6 51. Qc6+ Kh5 52. f3 Qxf3 0-1

[Event "Hold-DM i hurtigskak 2025"]
[Site "Middelfart"]
[Date "2025.06.08"]
[Round "3.3"]
[White "Falkesgaard, Jeppe Hald"]
[Black "Skovgaard, Andreas"]
[Result "1-0"]
[WhiteElo "2249"]
[BlackElo "2055"]
[EventDate "2025.06.08"]
[EventType "team-tourn"]
[EventRounds "6"]
[EventCountry "DEN"]
[SourceTitle "Live v. Kasper Jerwiarz"]
[WhiteTeam "BMS"]
[BlackTeam "Skak for Sjov"]

1. c4 Nf6 2. g3 g6 3. Bg2 Bg7 4. Nc3 O-O 5. d4 c6 6. e4 d6 7. Nf3 a6 8. a4 a5 9. O-O Na6 10. Be3 Qc7 11. h3 e5 12. Qd2 Re8 13. Rad1 exd4 14. Nxd4 Nc5 15. Qc2 Bd7 16. Rfe1 Rad8 17. Nb3 Ne6 18. f4 Bc8 19. Qf2 Nd7 20. Kh2 f5 21. exf5 gxf5 22. Bf3 b6 23. g4 Ndc5 24. Nxc5 Nxc5 25. Bd4 d5 26. Bxg7 Qxf4+ 27. Qg3 Qxg3+ 28. Kxg3 Kxg7 29. Rxe8 Rxe8 30. cxd5 fxg4 31. hxg4 cxd5 32. Rxd5 h6 33. Rd6 Re6 34. Rd8 Ba6 35. Bd5 Re1 36. Rg8+ Kf6 37. Rf8+ Kg7 38. Rb8 Nd3 39. Rxb6 Bc8 40. Rc6 Rg1+ 41. Kh2 Rxg4 42. Rxc8 Nxb2 43. Rg8+ 1-0

[Event "Hold-DM i hurtigskak 2025"]
[Site "Middelfart"]
[Date "2025.06.08"]
[Round "3.4"]
[White "Lassen, Mathias Damsgaard"]
[Black "Jalving, August"]
[Result "0-1"]
[WhiteElo "1649"]
[BlackElo "2014"]
[EventDate "2025.06.08"]
[EventType "team-tourn"]
[EventRounds "6"]
[EventCountry "DEN"]
[SourceTitle "Live v. Kasper Jerwiarz"]
[WhiteTeam "Skak for Sjov"]
[BlackTeam "BMS"]

1. Nf3 Nf6 2. g3 g6 3. Bg2 Bg7 4. O-O O-O 5. c4 c6 6. d3 d5 7. Nc3 d4 8. Na4 Na6 9. e3 dxe3 10. fxe3 Bg4 11. Nc3 Qc7 12. Qe2 Rad8 13. d4 e5 14. dxe5 Nd7 15. h3 Bxf3 16. Qxf3 Nxe5 17. Qe2 Nd3 18. g4 Nac5 19. Ne4 Nxe4 20. Bxe4 Qg3+ 21. Qg2 Qe5 22. Bxd3 Rxd3 23. Rb1 Bh6 24. Kh1 Rfd8 25. Qf3 Qe6 26. b3 Bxe3 27. Bxe3 Rxe3 28. Qg2 Rdd3 29. Rbd1 Rxh3+ 30. Kg1 Rdg3 31. Rd8+ Kg7 32. Qxg3 Rxg3+ 33. Kh2 Qxg4 34. c5 Qh4# 0-1

[Event "Hold-DM i hurtigskak 2025"]
[Site "Middelfart"]
[Date "2025.06.08"]
[Round "4.1"]
[White "Fedder, Steen"]
[Black "Sylvan, Jacob"]
[Result "0-1"]
[WhiteElo "2406"]
[BlackElo "2353"]
[EventDate "2025.06.08"]
[EventType "team-tourn"]
[EventRounds "6"]
[EventCountry "DEN"]
[SourceTitle "Live v. Kasper Jerwiarz"]
[WhiteTeam "FOHR"]
[BlackTeam "Nordkalotten"]

1. d4 Nf6 2. c4 e6 3. g3 d5 4. Nf3 dxc4 5. Bg2 Nc6 6. O-O a6 7. Nc3 Rb8 8. e4 b5 9. a3 Be7 10. Bg5 Bb7 11. Qd2 O-O 12. Rad1 Na5 13. e5 Nb3 14. exf6 Nxd2 15. fxe7 Nxf3+ 16. Bxf3 Qc8 17. exf8=Q+ Qxf8 18. Bxb7 Rxb7 19. d5 e5 20. Rd2 f5 21. Rfd1 f4 22. d6 cxd6 23. Ne4 h6 24. Rxd6 Qf5 25. Rd8+ Kh7 26. Nd6 Qh3 27. Kh1 Rd7 28. Rxd7 Qxd7 29. Bh4 g5 30. Kg2 gxh4 31. Rd2 Qc6+ 32. f3 h3+ 0-1

[Event "Hold-DM i hurtigskak 2025"]
[Site "Middelfart"]
[Date "2025.06.08"]
[Round "4.2"]
[White "Kristensen, Kaare Hove"]
[Black "Hansen, Jacob Ost"]
[Result "1-0"]
[WhiteElo "2272"]
[BlackElo "2328"]
[EventDate "2025.06.08"]
[EventType "team-tourn"]
[EventRounds "6"]
[EventCountry "DEN"]
[SourceTitle "Live v. Kasper Jerwiarz"]
[WhiteTeam "Nordkalotten"]
[BlackTeam "FOHR"]

1. Nf3 c5 2. c4 g6 3. e3 Bg7 4. d4 Nf6 5. Nc3 O-O 6. Be2 cxd4 7. exd4 d5 8. O-O Nc6 9. Be3 Bg4 10. c5 Ne4 11. h3 Bxf3 12. Bxf3 Nxc3 13. bxc3 e6 14. Rb1 b6 15. c4 bxc5 16. dxc5 Ne5 17. cxd5 Nxf3+ 18. Qxf3 Qxd5 19. Qxd5 exd5 20. Rfd1 Rfd8 21. Bg5 f6 22. Bf4 Rac8 23. Bd6 Bf8 24. Rxd5 Rc6 25. Rbd1 Bxd6 26. cxd6 Kf7 27. R5d4 Rd7 28. Rh4 h5 29. Rhd4 Ke6 30. Re4+ Kf7 31. Re7+ Rxe7 32. d7 Rxd7 33. Rxd7+ Ke6 34. Rxa7 Rc1+ 35. Kh2 h4 36. g4 hxg3+ 37. Kxg3 Rc4 38. a4 Rc3+ 39. f3 Ra3 40. h4 Kf5 41. Ra5+ Ke6 42. Kg4 Ra1 43. Ra6+ Kf7 44. Ra8 Ke6 45. Ra7 Rg1+ 46. Kf4 g5+ 47. hxg5 fxg5+ 48. Ke4 g4 49. Ra6+ Kd7 50. f4 Re1+ 51. Kf5 g3 52. Rg6 Ra1 53. Rxg3 Rxa4 54. Re3 Ra1 55. Kg5 Rf1 56. f5 Rg1+ 57. Kh6 Rh1+ 58. Kg6 Rg1+ 59. Kf7 Rg2 60. f6 Rg1 61. Rd3+ Kc6 62. Kf8 Rf1 63. f7 Rg1 64. Rd4 Rg2 65. Ke7 Re2+ 66. Kf6 Rf2+ 67. Ke6 Re2+ 68. Kf5 Rf2+ 69. Rf4 1-0

[Event "Hold-DM i hurtigskak 2025"]
[Site "Middelfart"]
[Date "2025.06.08"]
[Round "4.3"]
[White "Hoi, Carsten"]
[Black "Nielsen, Lars Aaes"]
[Result "1/2-1/2"]
[WhiteElo "2320"]
[BlackElo "2223"]
[EventDate "2025.06.08"]
[EventType "team-tourn"]
[EventRounds "6"]
[EventCountry "DEN"]
[SourceTitle "Live v. Kasper Jerwiarz"]
[WhiteTeam "FOHR"]
[BlackTeam "Nordkalotten"]

1. c4 b6 2. d4 Bb7 3. Nc3 e6 4. a3 d5 5. cxd5 exd5 6. Nf3 Nf6 7. Bg5 Be7 8. e3 O-O 9. Bxf6 Bxf6 10. Bd3 c5 11. h4 h6 12. g4 Re8 13. Kf1 Ba6 14. Bxa6 Nxa6 15. g5 hxg5 16. hxg5 Bxg5 17. Qd3 Nc7 18. Qh7+ Kf8 19. Qf5 Bf6 20. Ne5 g6 21. Qh3 Ne6 22. Rd1 Qd6 23. Nb5 Qd8 24. Qf3 Kg7 25. Ng4 Ng5 26. Qxf6+ Qxf6 27. Nxf6 Kxf6 28. Nc7 c4 29. Nxa8 Rxa8 30. Ke2 Kg7 31. Rhg1 Ne6 32. f3 Rd8 33. f4 Kf6 34. a4 Ng7 35. Kd2 1/2-1/2

[Event "Hold-DM i hurtigskak 2025"]
[Site "Middelfart"]
[Date "2025.06.08"]
[Round "4.4"]
[White "Jakobsen, Peter"]
[Black "Rosenlund, Thorbjorn"]
[Result "0-1"]
[WhiteElo "2164"]
[BlackElo "2029"]
[EventDate "2025.06.08"]
[EventType "team-tourn"]
[EventRounds "6"]
[EventCountry "DEN"]
[SourceTitle "Live v. Kasper Jerwiarz"]
[WhiteTeam "Nordkalotten"]
[BlackTeam "FOHR"]

1. d4 Nf6 2. c4 c5 3. d5 b5 4. cxb5 a6 5. e3 e6 6. dxe6 fxe6 7. Nc3 d5 8. Nf3 Bd6 9. b3 O-O 10. Bb2 Qa5 11. Qd2 axb5 12. Nxb5 Be7 13. Qxa5 Rxa5 14. Be2 Nc6 15. O-O Ne4 16. Rfd1 Bf6 17. Bxf6 gxf6 18. Nd2 f5 19. f3 Nxd2 20. Rxd2 Nb4 21. Rc1 Bd7 22. a4 Rc8 23. Nc3 Kf7 24. f4 Kf6 25. Bb5 Bxb5 26. Nxb5 c4 27. bxc4 Rxc4 28. Rxc4 dxc4 29. Nc3 Nd5 30. Nxd5+ exd5 31. Kf2 Ke6 32. Ra2 Kd6 33. Ke2 Kc5 34. Kd2 Kb4 35. Rb2+ Kxa4 36. Ra2+ Kb4 37. Rxa5 Kxa5 38. Kc3 Kb5 39. g3 h5 40. h3 Kc5 41. Kc2 d4 42. exd4+ Kxd4 43. Kd2 Ke4 44. Kc3 Kf3 45. g4 hxg4 46. hxg4 Kxg4 47. Kxc4 Kxf4 48. Kd3 Kf3 0-1

[Event "Hold-DM i hurtigskak 2025"]
[Site "Middelfart"]
[Date "2025.06.08"]
[Round "4.1"]
[White "Jacobsen, Mikkel Manosri"]
[Black "Light, Bjarne"]
[Result "1-0"]
[WhiteElo "2268"]
[BlackElo "2238"]
[EventDate "2025.06.08"]
[EventType "team-tourn"]
[EventRounds "6"]
[EventCountry "DEN"]
[SourceTitle "Live v. Kasper Jerwiarz"]
[WhiteTeam "BMS"]
[BlackTeam "Fredericia Skakforening"]

1. d4 Nf6 2. Nf3 e6 3. Bf4 c5 4. e3 d5 5. Nbd2 Bd6 6. c3 Qc7 7. Bxd6 Qxd6 8. Ne5 O-O 9. Bd3 b6 10. f4 Ba6 11. Bc2 Nc6 12. g4 cxd4 13. exd4 Ne7 14. Qf3 Rae8 15. Rg1 Nd7 16. Qh3 Ng6 17. Ndf3 Nf6 18. Ng5 Bb7 19. Rg3 Qc7 20. Bxg6 fxg6 21. Qh4 h6 22. Nxg6 Ne4 23. Nxe4 dxe4 24. g5 Qd8 25. Nxf8 Rxf8 26. Qg4 hxg5 27. Qxg5 Qc7 28. Qe5 Qd7 29. Rg5 Rf5 30. Rxf5 exf5 31. O-O-O e3 32. d5 Ba6 33. Qxe3 Kh7 34. Qe6 Qa4 35. Qxf5+ Kg8 36. Re1 Bb5 37. Re7 Be8 38. Qe6+ Kf8 39. Rxe8+ Qxe8 40. Qxe8+ Kxe8 41. c4 1-0

[Event "Hold-DM i hurtigskak 2025"]
[Site "Middelfart"]
[Date "2025.06.08"]
[Round "4.2"]
[White "Friis, Carsten Bank"]
[Black "Kistrup, Nicolai"]
[Result "0-1"]
[WhiteElo "2213"]
[BlackElo "2430"]
[EventDate "2025.06.08"]
[EventType "team-tourn"]
[EventRounds "6"]
[EventCountry "DEN"]
[SourceTitle "Live v. Kasper Jerwiarz"]
[WhiteTeam "Fredericia Skakforening"]
[BlackTeam "BMS"]

1. d4 d5 2. Nf3 Nf6 3. c4 e6 4. Nc3 c6 5. cxd5 exd5 6. Bg5 h6 7. Bh4 Bf5 8. e3 Nbd7 9. Bd3 Bxd3 10. Qxd3 Bd6 11. O-O O-O 12. e4 dxe4 13. Nxe4 Be7 14. Nxf6+ Bxf6 15. Bxf6 Nxf6 16. Qb3 Qb6 17. Qc4 Rad8 18. b3 Rfe8 19. Rfe1 Nd5 20. g3 Qa5 21. Rxe8+ Rxe8 22. a3 Re6 23. Kg2 a6 24. Ne5 Qd2 25. Qd3 Qb2 26. Qb1 Qxd4 27. Nf3 Qg4 28. Qc1 Re2 29. h3 Qe4 0-1

[Event "Hold-DM i hurtigskak 2025"]
[Site "Middelfart"]
[Date "2025.06.08"]
[Round "4.3"]
[White "Falkesgaard, Jeppe Hald"]
[Black "Madsen, Michael Baehring"]
[Result "1-0"]
[WhiteElo "2249"]
[BlackElo "2124"]
[EventDate "2025.06.08"]
[EventType "team-tourn"]
[EventRounds "6"]
[EventCountry "DEN"]
[SourceTitle "Live v. Kasper Jerwiarz"]
[WhiteTeam "BMS"]
[BlackTeam "Fredericia Skakforening"]

1. c4 e5 2. Nc3 Nf6 3. Nf3 Nc6 4. e4 Bb4 5. d3 d6 6. a3 Bxc3+ 7. bxc3 O-O 8. g3 h6 9. Bg2 Be6 10. O-O Qd7 11. Rb1 b6 12. Nh4 g5 13. Nf5 Bxf5 14. exf5 Rad8 15. h4 Nh7 16. Qh5 Ne7 17. hxg5 Qxf5 18. Be4 Qe6 19. Kg2 f5 20. gxf6 Rxf6 21. Rh1 Rdf8 22. Rb2 Kg7 23. Rh4 Qf7 24. Bxh6+ 1-0